000 00531nam a2200157Ia 4500
008 240729s9999 xx 000 0 und d
022 _a2574-3430
245 4 _aThe International Journal of Information, Diversity, & Inclusion
260 _aUnited States
260 _bEast Carolina University
650 _a Communities. Classes. Races
650 _aBibliography. Library science. Information resources | Social Sciences
856 _uhttps://doaj.org/toc/e2a728e9970e491ab3eda0fd3d4b7a14
942 _2ddc
942 _cDOAJEJ
999 _c72961
_d72961
945 _a1
_bMadushi Gamage
_c1
_dMadushi Gamage